000 004560000a22001810004500
003 MACL
005 20160123150323.0
008 160123b xxu||||| |||| 00| 0 eng d
040 _aMACL
_cMACL
041 _aEnglish
082 _a530.41/PIL
100 _aPillai, S O
_934349
245 _aSolid State Physics
260 _bNew Age International Publishers
_c1997
_aNew Delhi
350 _a295
650 _aPhysics
_934350
942 _cBK
_k530.41/Pil
_2ddc
999 _c32816
_d32816